[Event "BRA pre olympic (Women) 7th"]
[Site "Sao Paulo"]
[Date "2012.12.17"]
[Round "4.3"]
[White "Tashima, Vanessa Kelly"]
[Black "Delai, Paula Fernanda"]
[Result "1/2-1/2"]
[WhiteElo "1923"]
[BlackElo "2022"]
[PlyCount "84"]
[EventDate "2011.12.16"]
[EventType "swiss"]
[EventRounds "5"]
[EventCountry "BRA"]
[SourceTitle "EXT 2022"]
[Source "ChessBase"]
[SourceDate "2021.10.06"]
[SourceVersion "1"]
[SourceVersionDate "2021.10.06"]
[SourceQuality "1"]

1. e4 c5 2. c3 g6 3. d4 cxd4 4. cxd4 d5 5. exd5 Nf6 6. Bb5+ Bd7 7. Bc4 Bg7 8. Qb3 Bc8 9. Bf4 0-0 10. Ne2 a5 11. Nbc3 Na6 12. 0-0 Nc7 13. a4 Nfe8 14. Ne4 Na6 15. Rfd1 Nb4 16. N2c3 Qb6 17. Be5 Bf5 18. Rd2 Rc8 19. Re1 Bxe5 20. dxe5 Qc7 21. Bb5 Qxe5 22. Rde2 Rc7 23. Ng3 Qf6 24. Nxf5 gxf5 25. Qd1 Nd6 26. Re5 Kh8 27. Qe2 Ne4 28. f4 Nxc3 29. bxc3 Rxc3 30. Qh5 Qb6+ 31. Kh1 Qf2 32. Rf1 Qd2 33. Qxf5 Rg8 34. g3 Re3 35. Qxf7 Rxe5 36. fxe5 Qxd5+ 37. Qxd5 Nxd5 38. Rf5 e6 39. Rf7 Rg7 40. Rf8+ Rg8 41. Rf7 Rg7 42. Rf8+ Rg8 1/2-1/2

[Event "BRA pre olympic (Women) 7th"]
[Site "Sao Paulo"]
[Date "2012.12.16"]
[Round "2.1"]
[White "Terao, Juliana Sayumi"]
[Black "Tashima, Vanessa Kelly"]
[Result "1-0"]
[WhiteElo "2158"]
[BlackElo "1923"]
[PlyCount "75"]
[EventDate "2011.12.16"]
[EventType "swiss"]
[EventRounds "5"]
[EventCountry "BRA"]
[SourceTitle "EXT 2022"]
[Source "ChessBase"]
[SourceDate "2021.10.06"]
[SourceVersion "1"]
[SourceVersionDate "2021.10.06"]
[SourceQuality "1"]

1. e4 d5 2. exd5 Qxd5 3. Nc3 Qd6 4. Bc4 Nf6 5. d4 c6 6. Nge2 Bg4 7. f3 Bf5 8. 0-0 e6 9. Ng3 Bg6 10. f4 Be7 11. f5 exf5 12. Nxf5 Bxf5 13. Rxf5 0-0 14. a3 Qd7 15. Qd3 b5 16. Bb3 a6 17. Bg5 Ne8 18. Bxe7 Qxe7 19. Re5 Qd8 20. Ne4 Nd7 21. Rf5 g6 22. Rf2 Kg7 23. Qc3 f5 24. d5+ Ndf6 25. Ng5 Nc7 26. Qxc6 Nfe8 27. d6 Qxg5 28. dxc7 Nf6 29. Rd1 Ne4 30. Rf3 Qf6 31. Qd7+ Kh8 32. Rh3 h5 33. Rhd3 Nc5 34. Qd4 Nxd3 35. Qxf6+ Rxf6 36. Rxd3 Rff8 37. Be6 Rfe8 38. Bd7 1-0

[Event "Sao Jose dos Campos op"]
[Site "Sao Jose dos Campos"]
[Date "2012.12.01"]
[Round "5"]
[White "Tashima, Vanessa Kelly"]
[Black "Do Prado, Hamilton Mesquita"]
[Result "1-0"]
[WhiteElo "1916"]
[BlackElo "1655"]
[PlyCount "70"]
[EventDate "2012.11.29"]
[EventType "swiss"]
[EventRounds "7"]
[EventCountry "BRA"]
[SourceTitle "EXT 2014"]
[Source "ChessBase"]
[SourceDate "2013.11.20"]
[SourceVersion "1"]
[SourceVersionDate "2013.11.20"]
[SourceQuality "1"]

1. e4 c5 2. c3 Nc6 3. d4 e6 4. d5 exd5 5. exd5 Ne5 6. Nf3 Bd6 7. Na3 a6 8. Be2 Nf6 9. Nxe5 Bxe5 10. Be3 Bd6 11. Nc4 Qc7 12. a4 0-0 13. a5 h6 14. h3 Re8 15. 0-0 Ne4 16. Bf3 Nf6 17. Qd3 Rb8 18. Rad1 b5 19. axb6 Rxb6 20. Nxb6 Qxb6 21. Rd2 a5 22. Rfd1 Ba6 23. Qc2 Bc4 24. Ra1 Bb3 25. Qd3 Qc7 26. Qb5 a4 27. Qd3 Qb8 28. Re2 Qb7 29. c4 Rb8 30. Bd2 Qa6 31. Rc1 Qa7 32. Qf5 Nh7 33. Be4 Nf6 34. Bd3 Bf8 35. Bc3 Qa6 1-0

[Event "Natal Potiguar op"]
[Site "Natal"]
[Date "2012.06.09"]
[Round "6"]
[White "De Moura, Sergio Jovelino"]
[Black "Tashima, Vanessa Kelly"]
[Result "1-0"]
[WhiteElo "2076"]
[BlackElo "1895"]
[PlyCount "87"]
[EventDate "2012.06.07"]
[EventType "swiss"]
[EventRounds "7"]
[EventCountry "BRA"]
[SourceTitle "CBM 148 Extra"]
[Source "ChessBase"]
[SourceDate "2012.06.22"]
[SourceVersion "1"]
[SourceVersionDate "2012.06.22"]
[SourceQuality "1"]

1. e4 e6 2. d4 d5 3. Nd2 Be7 4. Bd3 c5 5. exd5 Qxd5 6. Ngf3 cxd4 7. Bc4 Qc5 8. Qe2 Nc6 9. Nb3 Qd6 10. 0-0 Nf6 11. Bb5 0-0 12. Rd1 a6 13. Bxc6 Qxc6 14. Nbxd4 Qc7 15. Bg5 Nd5 16. Bxe7 Qxe7 17. c4 Nf6 18. Qe5 Nd7 19. Nf5 Qf6 20. Qxf6 Nxf6 21. Ne7+ Kh8 22. Ne5 g6 23. Rd4 Kg7 24. Rad1 Re8 25. Nxc8 Raxc8 26. b3 Rc7 27. f4 Rec8 28. g4 b5 29. g5 Nh5 30. Kf2 Kf8 31. Kf3 bxc4 32. Nxc4 Kg7 33. Rd7 h6 34. h4 hxg5 35. hxg5 Rc5 36. Ne5 Rc3+ 37. R1d3 Rxd3+ 38. Rxd3 Rc7 39. Rd7 Rxd7 40. Nxd7 a5 41. a3 f6 42. Nxf6 Nxf6 43. gxf6+ Kxf6 44. Ke4 1-0

[Event "Osasco op"]
[Site "Osasco"]
[Date "2012.04.22"]
[Round "5"]
[White "Tashima, Vanessa Kelly"]
[Black "Proudian, Armen"]
[Result "0-1"]
[WhiteElo "1925"]
[BlackElo "2131"]
[PlyCount "82"]
[EventDate "2012.04.20"]
[EventType "swiss"]
[EventRounds "6"]
[EventCountry "BRA"]
[SourceTitle "CBM 148 Extra"]
[Source "ChessBase"]
[SourceDate "2012.06.22"]
[SourceVersion "1"]
[SourceVersionDate "2012.06.22"]
[SourceQuality "1"]

1. e4 e5 2. d4 exd4 3. Qxd4 Nc6 4. Qe3 Nf6 5. Nc3 Bb4 6. Bd2 0-0 7. 0-0-0 Re8 8. Qg3 Rxe4 9. a3 Bd6 10. f4 Re8 11. Bd3 Bf8 12. Nf3 d5 13. Rhe1 Rxe1 14. Rxe1 d4 15. Ne4 Bf5 16. Nfg5 Nxe4 17. Nxe4 Be7 18. Qf3 Qd7 19. h3 Be6 20. f5 Bxf5 21. Nf6+ Bxf6 22. Bxf5 Qd8 23. Be4 Ne5 24. Qb3 Rb8 25. Kb1 c6 26. Bf4 Qd6 27. g4 g6 28. Rf1 Qe6 29. Qa4 a6 30. Re1 c5 31. g5 b5 32. Qa5 Nc4 33. Qc7 Be5 34. Bxe5 Qxe5 35. Qc6 Nd2+ 36. Ka1 Re8 37. Qxa6 c4 38. Rd1 Nxe4 39. Qb6 Nc5 40. Qc6 d3 41. cxd3 Nxd3 0-1

[Event "BRA-ch (Women)"]
[Site "Sao Jose do Rio Preto"]
[Date "2012.03.25"]
[Round "7"]
[White "Alboredo, Julia"]
[Black "Tashima, Vanessa Kelly"]
[Result "1/2-1/2"]
[WhiteElo "1730"]
[BlackElo "1925"]
[PlyCount "80"]
[EventDate "2012.03.22"]
[EventType "swiss"]
[EventRounds "7"]
[EventCountry "BRA"]
[SourceTitle "CBM 147 Extra"]
[Source "ChessBase"]
[SourceDate "2012.04.24"]
[SourceVersion "1"]
[SourceVersionDate "2012.04.24"]
[SourceQuality "1"]

1. e4 e6 2. d3 d5 3. Nd2 Nf6 4. Ngf3 Nc6 5. g3 dxe4 6. dxe4 e5 7. Bg2 Bc5 8. 0-0 0-0 9. c3 a5 10. Qc2 h6 11. Nc4 Qe7 12. Be3 Be6 13. Bxc5 Qxc5 14. Ne3 Rfd8 15. Rfd1 b5 16. b3 b4 17. Rac1 Rxd1+ 18. Nxd1 Rd8 19. Ne3 Ng4 20. Nxg4 Bxg4 21. h3 Be6 22. cxb4 Qxc2 23. Rxc2 Nxb4 24. Rxc7 Nxa2 25. Rc5 Ra8 26. Rb5 f6 27. Nd2 a4 28. bxa4 Rxa4 29. Rb6 Bf7 30. f3 Nc3 31. Rb8+ Kh7 32. Rc8 Ra1+ 33. Kf2 Nb5 34. Bf1 Nd4 35. Rc7 Bg8 36. Bd3 Ra2 37. Ke3 Ra1 38. Kf2 Be6 39. h4 Rd1 40. Ke3 Re1+ 1/2-1/2

[Event "BRA-ch (Women)"]
[Site "Sao Jose do Rio Preto"]
[Date "2012.03.24"]
[Round "4"]
[White "Tashima, Vanessa Kelly"]
[Black "Schucman, Rebeca Lot"]
[Result "1-0"]
[WhiteElo "1925"]
[BlackElo "1575"]
[PlyCount "79"]
[EventDate "2012.03.22"]
[EventType "swiss"]
[EventRounds "7"]
[EventCountry "BRA"]
[SourceTitle "CBM 147 Extra"]
[Source "ChessBase"]
[SourceDate "2012.04.24"]
[SourceVersion "1"]
[SourceVersionDate "2012.04.24"]
[SourceQuality "1"]

1. e4 c5 2. c3 d5 3. exd5 Qxd5 4. d4 cxd4 5. cxd4 Nf6 6. Nc3 Qd8 7. Nf3 Bg4 8. Bb5+ Nbd7 9. h3 Bh5 10. g4 Bg6 11. g5 a6 12. Bd3 Nh5 13. Bxg6 hxg6 14. Qe2 Qc7 15. Qe4 e6 16. Be3 Bb4 17. Rc1 0-0 18. 0-0 Ng3 19. fxg3 Qxg3+ 20. Kh1 Qxh3+ 21. Nh2 Bd6 22. Bf4 Bxf4 23. Rxf4 e5 24. Rh4 Qe6 25. d5 Qd6 26. Nf3 Rac8 27. Kg2 b5 28. Rch1 f5 29. gxf6 Qxf6 30. Qg4 Rc4 31. Qe6+ Qxe6 32. dxe6 Rxh4 33. Rxh4 Nc5 34. e7 Rc8 35. Nd5 Kf7 36. Ng5+ Kg8 37. b4 Nd3 38. Re4 Nf4+ 39. Nxf4 exf4 40. Kf3 1-0

[Event "Sao Jose dos Campos op"]
[Site "Sao Jose dos Campos"]
[Date "2012.??.??"]
[Round "1"]
[White "Tashima, Vanessa Kelly"]
[Black "Barbosa, Evandro Amorim"]
[Result "0-1"]
[WhiteElo "1916"]
[BlackElo "2407"]
[PlyCount "76"]
[EventDate "2012.11.29"]
[EventType "swiss"]
[EventRounds "7"]
[EventCountry "BRA"]
[SourceTitle "EXT 2014"]
[Source "ChessBase"]
[SourceDate "2013.11.20"]
[SourceVersion "1"]
[SourceVersionDate "2013.11.20"]
[SourceQuality "1"]

1. e4 c5 2. Nf3 e6 3. c3 Nf6 4. e5 Nd5 5. d4 cxd4 6. cxd4 d6 7. Bc4 Nb6 8. Bb3 dxe5 9. Nxe5 Nc6 10. Nf3 Be7 11. Nc3 0-0 12. 0-0 Nb4 13. Re1 Bd7 14. a3 N4d5 15. Ne4 Bc6 16. Ne5 Rc8 17. Qd3 Ba4 18. Ba2 Bc2 19. Qe2 Nf6 20. Ng5 Bf5 21. Ngf3 Nbd5 22. Qb5 Qb6 23. Qxb6 Nxb6 24. Nh4 Be4 25. Bg5 Bd5 26. Bb1 Na4 27. b4 Rfd8 28. Bd3 h6 29. Be3 Nb2 30. Bb1 Ne4 31. Bxe4 Bxe4 32. Nhf3 Bh7 33. Rec1 f6 34. Rxc8 Rxc8 35. Nd7 b6 36. Rc1 Rxc1+ 37. Bxc1 Nd3 38. Be3 Bd6 0-1

[Event "BRA pre olympic (Women) 6th"]
[Site "Sao Paulo"]
[Date "2011.10.16"]
[Round "5"]
[White "Tashima, Vanessa Kelly"]
[Black "Chang, Suzana"]
[Result "0-1"]
[WhiteElo "1905"]
[BlackElo "2001"]
[PlyCount "108"]
[EventDate "2011.10.14"]
[EventType "swiss"]
[EventRounds "6"]
[EventCountry "BRA"]
[SourceTitle "EXT 2014"]
[Source "ChessBase"]
[SourceDate "2013.11.20"]
[SourceVersion "1"]
[SourceVersionDate "2013.11.20"]
[SourceQuality "1"]

1. e4 c5 2. Nc3 e6 3. f4 d5 4. Nf3 d4 5. Ne2 Nc6 6. d3 f5 7. Ng3 Nf6 8. Be2 Be7 9. 0-0 0-0 10. c3 h6 11. Qb3 Kh7 12. Rd1 Re8 13. Qc2 Bf8 14. a3 Qd7 15. Bd2 a5 16. a4 b6 17. Nf1 Bb7 18. Be1 Rad8 19. h3 Qc7 20. g3 Ba6 21. Bf2 Qd7 22. c4 Qf7 23. N1d2 Nb4 24. Qb3 Bb7 25. e5 Nd7 26. Kh2 Be7 27. Rg1 Rg8 28. Raf1 g6 29. Ne1 Nb8 30. Bf3 Bxf3 31. Ndxf3 N8c6 32. Nc2 Nxc2 33. Qxc2 Nb4 34. Qe2 Rg7 35. Be1 Nc6 36. Rg2 Rdg8 37. Rfg1 Kh8 38. Bd2 g5 39. Ne1 Bd8 40. Nc2 Ne7 41. Na3 Ng6 42. Nb5 Qd7 43. b3 Qc6 44. Nd6 Be7 45. Nb5 gxf4 46. gxf4 Nh4 47. Rxg7 Rxg7 48. Rxg7 Nf3+ 49. Kg3 Bh4+ 50. Kg2 Nxd2+ 51. Kh2 Nf3+ 52. Kg2 Ne1+ 53. Kg1 Kxg7 54. Nd6 Kf8 0-1

[Event "BRA pre olympic (Women) 6th"]
[Site "Sao Paulo"]
[Date "2011.10.15"]
[Round "3"]
[White "Delai, Paula Fernanda"]
[Black "Tashima, Vanessa Kelly"]
[Result "1-0"]
[WhiteElo "2026"]
[BlackElo "1905"]
[PlyCount "67"]
[EventDate "2011.10.14"]
[EventType "swiss"]
[EventRounds "6"]
[EventCountry "BRA"]
[SourceTitle "EXT 2014"]
[Source "ChessBase"]
[SourceDate "2013.11.20"]
[SourceVersion "1"]
[SourceVersionDate "2013.11.20"]
[SourceQuality "1"]

1. e4 e5 2. Nf3 Nc6 3. Bc4 Bc5 4. c3 Nf6 5. d3 a6 6. b4 Ba7 7. Bg5 h6 8. Bh4 g5 9. Bg3 d6 10. Nbd2 Be6 11. h4 g4 12. Nh2 h5 13. Qb3 Qd7 14. a4 d5 15. exd5 Bxd5 16. 0-0 0-0 17. Rfe1 Rfe8 18. Ne4 Nxe4 19. dxe4 Bxc4 20. Qxc4 Rad8 21. Nf1 Re6 22. Ne3 Bxe3 23. Rxe3 Ne7 24. b5 a5 25. Rf1 Ng6 26. f3 c6 27. fxg4 cxb5 28. axb5 hxg4 29. h5 Ne7 30. Qe2 Rd6 31. Bxe5 Rd2 32. Qc4 Qe6 33. Qxe6 fxe6 34. Rg3 1-0

[Event "Sao Paulo Braga op"]
[Site "Sao Paulo"]
[Date "2011.04.23"]
[Round "6"]
[White "Pires, Marcos Vinicius Tor"]
[Black "Tashima, Vanessa Kelly"]
[Result "1-0"]
[WhiteElo "2133"]
[BlackElo "1870"]
[PlyCount "121"]
[EventDate "2011.04.20"]
[EventType "swiss"]
[EventRounds "9"]
[EventCountry "BRA"]
[SourceTitle "CBM 141 Extra"]
[Source "ChessBase"]
[SourceDate "2011.05.03"]
[SourceVersion "1"]
[SourceVersionDate "2011.05.03"]
[SourceQuality "1"]

1. d4 f5 2. g3 Nf6 3. Bg2 g6 4. Nf3 Bg7 5. 0-0 0-0 6. b3 Ne4 7. Bb2 d5 8. c4 c6 9. Nbd2 Be6 10. e3 h6 11. Qc2 Nd7 12. Rac1 Ndf6 13. Ne5 Nxd2 14. Qxd2 Kh7 15. f3 a5 16. Ba3 Nd7 17. Nd3 Re8 18. Bb2 Nf6 19. Nc5 Bc8 20. Rfd1 e6 21. Qe2 Nd7 22. Nd3 Qe7 23. e4 Qf7 24. Re1 Nf6 25. Ne5 Qg8 26. a4 Nd7 27. Nd3 Nf6 28. Bc3 Rf8 29. Qd2 Nd7 30. Nf4 fxe4 31. fxe4 dxc4 32. d5 Ne5 33. Qb2 Nd3 34. Nxd3 cxd3 35. Rcd1 Bd7 36. Rxd3 Rae8 37. d6 Qh8 38. e5 b6 39. Be4 Qg8 40. Rdd1 Bh8 41. h4 Rf5 42. Rf1 Ref8 43. Bxf5 gxf5 44. Kh2 c5 45. Qg2 Rb8 46. Rf4 h5 47. Qe2 Qe8 48. Rf2 Bg7 49. Bd2 Qg6 50. Bg5 Bh6 51. Qa6 Bxg5 52. hxg5 Qxg5 53. Qa7 Qd8 54. Rxf5 exf5 55. e6 Ra8 56. Qb7 Rb8 57. Qd5 Qf6 58. exd7 Rd8 59. Rf1 Rxd7 60. Rxf5 Qxd6 61. Rf7+ 1-0

[Event "Sao Bernardo LXSBC 2nd"]
[Site "Sao Bernardo do Campo"]
[Date "2010.10.16"]
[Round "4"]
[White "Tashima, Vanessa Kelly"]
[Black "Zachi, Felipe Parelho"]
[Result "1/2-1/2"]
[WhiteElo "1893"]
[BlackElo "1621"]
[PlyCount "140"]
[EventDate "2010.10.15"]
[EventType "swiss"]
[EventRounds "6"]
[EventCountry "BRA"]
[SourceTitle "EXT 2022"]
[Source "ChessBase"]
[SourceDate "2021.10.06"]
[SourceVersion "1"]
[SourceVersionDate "2021.10.06"]
[SourceQuality "1"]

1. e4 c5 2. c3 d5 3. exd5 Qxd5 4. d4 cxd4 5. cxd4 Nf6 6. Nc3 Qd8 7. Nf3 Bg4 8. Be2 e6 9. h3 Bh5 10. 0-0 Be7 11. Qb3 Qc7 12. Nb5 Qb6 13. Bf4 Nd5 14. Bg3 0-0 15. Bc4 Bxf3 16. gxf3 a6 17. Bxd5 axb5 18. Be4 Nd7 19. Rfd1 Nf6 20. Bd3 b4 21. Bc4 Rfd8 22. Be5 Nd5 23. Rd2 Qa5 24. Qd3 Rac8 25. Bb3 Qa6 26. Qe4 Nf6 27. Bxf6 Bxf6 28. d5 exd5 29. Bxd5 Qb5 30. Rad1 Re8 31. Qg4 Rc5 32. Kh1 Re5 33. Be4 g6 34. Rd7 Rg5 35. Qf4 Kg7 36. Rxb7 Qe2 37. Rbd7 Qxf2 38. R7d2 Qg3 39. Qxg3 Rxg3 40. Rh2 Be5 41. Rhd2 Rxh3+ 42. Kg2 Rh2+ 43. Kf1 Rxd2 44. Rxd2 Rc1+ 45. Kg2 Bf4 46. Re2 Rd1 47. Kf2 Rd2 48. a3 Rxe2+ 49. Kxe2 bxa3 50. bxa3 Bd6 51. a4 Bb4 52. Kd3 h5 53. f4 h4 54. Ke2 Kf6 55. Kf2 Bd6 56. Kf3 h3 57. Kg4 Ke6 58. Kg5 Be7+ 59. Kh6 Kf6 60. a5 Bc5 61. a6 h2 62. Bg2 Kf5 63. Kg7 Kxf4 64. Kxf7 g5 65. Kg6 g4 66. Kh5 g3 67. Kh4 Bf2 68. Kh3 Kg5 69. a7 Bxa7 70. Kxg3 Bb8+ 1/2-1/2

[Event "BRA-ch (Women)"]
[Site "Catanduva"]
[Date "2010.10.12"]
[Round "7"]
[White "Tashima, Vanessa Kelly"]
[Black "Heinrichs, Vivian"]
[Result "1-0"]
[WhiteElo "1893"]
[BlackElo "1889"]
[PlyCount "69"]
[EventDate "2010.10.09"]
[EventType "swiss"]
[EventRounds "7"]
[EventCountry "BRA"]
[SourceTitle "EXT 2011"]
[Source "ChessBase"]
[SourceDate "2010.11.26"]
[SourceVersion "1"]
[SourceVersionDate "2010.11.26"]
[SourceQuality "1"]

1. e4 c5 2. c3 Nf6 3. e5 Nd5 4. g3 d6 5. exd6 Qxd6 6. Bg2 Nc6 7. Ne2 Bg4 8. h3 Bh5 9. 0-0 e6 10. Re1 Be7 11. Na3 0-0 12. d4 cxd4 13. Nb5 Qd7 14. Nbxd4 Nxd4 15. Qxd4 Bf6 16. Qc4 Rac8 17. Qb3 Rfd8 18. Nf4 Nxf4 19. Bxf4 b6 20. a4 Bg6 21. a5 b5 22. Rad1 Qe8 23. Bb7 Rxd1 24. Rxd1 Rd8 25. a6 Bd3 26. Be3 Bc4 27. Qc2 Rxd1+ 28. Qxd1 Qb8 29. Qd7 Be5 30. Bxa7 Qf8 31. Bb6 Bb8 32. a7 Bxa7 33. Bxa7 Bd5 34. Bxd5 exd5 35. Qxd5 1-0

[Event "BRA-ch (Women)"]
[Site "Catanduva"]
[Date "2010.10.11"]
[Round "6"]
[White "Oba, Ana Claudia de Oliv"]
[Black "Tashima, Vanessa Kelly"]
[Result "0-1"]
[WhiteElo "1612"]
[BlackElo "1893"]
[PlyCount "68"]
[EventDate "2010.10.09"]
[EventType "swiss"]
[EventRounds "7"]
[EventCountry "BRA"]
[SourceTitle "EXT 2011"]
[Source "ChessBase"]
[SourceDate "2010.11.26"]
[SourceVersion "1"]
[SourceVersionDate "2010.11.26"]
[SourceQuality "1"]

1. Nf3 Nf6 2. d4 d5 3. e3 g6 4. Be2 Bg7 5. 0-0 0-0 6. b3 c5 7. Bb2 cxd4 8. exd4 b6 9. Nbd2 Nc6 10. a3 Bb7 11. Bb5 a6 12. Bxc6 Bxc6 13. Re1 e6 14. Ne5 Bb7 15. Ndf3 h6 16. Rc1 Rc8 17. Qe2 Qd6 18. c4 Rc7 19. cxd5 Nxd5 20. Rxc7 Qxc7 21. Rc1 Qd6 22. Qd2 Rd8 23. Rd1 Qe7 24. Ng4 Kh7 25. Nge5 Qe8 26. Qd3 Kg8 27. Ng4 Ne7 28. Qe3 Nf5 29. Qe2 Bd5 30. b4 Qa4 31. Ne3 Bxf3 32. Qxf3 Nxd4 33. Qg4 h5 34. Qe4 Ne2+ 0-1

[Event "BRA-ch (Women)"]
[Site "Novo Hamburgo"]
[Date "2008.05.24"]
[Round "6"]
[White "Tashima, Vanessa Kelly"]
[Black "Feliciano Ebert, Vanessa"]
[Result "1/2-1/2"]
[WhiteElo "1897"]
[BlackElo "2026"]
[PlyCount "70"]
[EventDate "2008.05.22"]
[EventType "swiss"]
[EventRounds "7"]
[EventCountry "BRA"]
[SourceTitle "EXT 2009"]
[Source "ChessBase"]
[SourceDate "2008.11.26"]
[SourceVersion "1"]
[SourceVersionDate "2008.11.26"]
[SourceQuality "1"]

1. e4 d6 2. d4 Nf6 3. Nc3 g6 4. f3 c6 5. Be3 b5 6. e5 b4 7. Ne4 Nxe4 8. fxe4 dxe5 9. Nf3 Bg7 10. Nxe5 0-0 11. Bc4 e6 12. 0-0 c5 13. c3 bxc3 14. bxc3 cxd4 15. cxd4 Bd7 16. Rc1 Qe7 17. Ng4 h5 18. Ne5 Bc6 19. Nxc6 Nxc6 20. Bb3 Rac8 21. d5 Rfd8 22. Qc2 exd5 23. Bc5 Qxe4 24. Qxe4 dxe4 25. Bxf7+ Kh7 26. Be6 Nd4 27. Bxc8 Ne2+ 28. Kh1 Nxc1 29. Bb7 Nd3 30. Be3 Bd4 31. Bxd4 Rxd4 32. Kg1 Kg7 33. Rd1 e3 34. Kf1 Rb4 35. Rxd3 Rxb7 1/2-1/2